Practical management science : spreadsheet modeling and applications /

Guardado en:
Autor Principal: Winston, Wayne L.
Otros Autores: Albright, S. Christian., Broadie, Mark Nathan.
Formato: Libro
Idioma:English
Publicado: Belmont, CA : Duxbury Press, c1997.
Etiquetas: Agregar Etiqueta
Sin Etiquetas, Sea el primero en etiquetar este registro!
LEADER 00785cam a2200205 a 4500
001 EEA.libagro009490
005 20180621114802.0
008 960417s1997####cau######b####001#0#eng##
020 |a 0534217745 
082 0 0 |a 658.05 
082 0 0 |a 005.3 
100 1 |a Winston, Wayne L. 
245 1 0 |a Practical management science :  |b spreadsheet modeling and applications /  |c Wayne L. Winston, S. Christian Albright ; with case studies by Mark Broadie. 
260 |a Belmont, CA :  |b Duxbury Press,  |c c1997. 
300 |a 796 p. ;  |c 26 cm. +  |e 2 diskettes (3 1/2 in.) 
504 |a Incluye referencias bibliográficas e índice. 
538 |a IBM PC o compatible; Microsoft Excel. 
700 1 |a Albright, S. Christian. 
700 1 |a Broadie, Mark Nathan. 
859 |a AR-BbBCA  |b BIB. AGRONOMIA  |h 658.05  |i W783  |p 2000/3847